000
00240nam a2200097Ia 4500
008
231107s1990 xx 000 0 und d
041
_a
eng
100
_a
Futagawa Yukio
245
_a
GA Document-27
260
_a
Tokyo
_b
A.D.A. Editta pub.
_c
1990
999
_c
921473
_d
921473